| 000 | 00752nam a2200253Ia 4500 | ||
|---|---|---|---|
| 003 | OSt | ||
| 005 | 20220928123950.0 | ||
| 006 | a|||||r|||| 00| 0 | ||
| 007 | ta | ||
| 008 | 220927b |||||||| |||| 00| 0 eng d | ||
| 020 | _c4588.4799999999996 | ||
| 024 | _a116303 | ||
| 037 |
_b64, 17/08/2012, Indu Book Services _cTextual |
||
| 040 |
_aSDCL _cSDCL _beng |
||
| 041 |
_2eng _aeng |
||
| 082 | _aO-:g(S:55), P9 | ||
| 100 |
_aSaunders Corinne,etc Ed. _9462744 |
||
| 245 | 0 | _aBody and the arts. | |
| 260 |
_aHoundmills _bPalgrave Macmillan _c2009 |
||
| 300 |
_axv,292p. _ccm. |
||
| 650 | _aEnglish | ||
| 942 |
_hO-:g(S:55), P9 _cTEXL _2CC |
||
| 999 |
_c775712 _d775712 |
||